Visualizzazione normale
Vista MARC
- Manfio Sergio
di Personal Name
Records bibliografici associati: 1
001 - CONTROL NUMBER
- control field: 51408
003 - CONTROL NUMBER IDENTIFIER
- control field: IT-RoPau
005 - DATE AND TIME OF LATEST TRANSACTION
- control field: 20151202171606.0
008 - FIXED-LENGTH DATA ELEMENTS
- fixed length control field: 151202|| aca||aabn | a|a d
040 ## - CATALOGING SOURCE
- Original cataloging agency: IT-RoPau
- Transcribing agency: IT-RoPau
100 ## - HEADING--PERSONAL NAME
- Personal name: Manfio Sergio
- Miscellaneous information: Codice regista SPICS: 55764
670 ## - SOURCE DATA FOUND
- Source citation: Work cat.: (IT-RoPau)107284: Manfio Sergio Codice regista SPICS: 55764, CUCCIOLI (3) CUCCIOLI (3) (Rif. Codice opera principale : H4683)